| 000 | 01024nam a22002657a 4500 | ||
|---|---|---|---|
| 999 |
_c65120 _d65120 |
||
| 005 | 20240530110808.0 | ||
| 008 | 190115s2018 ua a g 000 0 ara d | ||
| 017 |
_a2018/5021 _bمصر. دار الكتب |
||
| 020 | _a9789770531945 | ||
| 040 |
_aEG-CaGPL _cEG-CaGPL |
||
| 082 | 0 | 4 |
_221 _a616.8589 / _bأ ف |
| 100 | 0 | _aاحمد محمد الالمعى | |
| 245 | 1 | 0 |
_aفرط الحركة ونقص الانتباه : _cالدليل الشامل للمعالج والاسرة / _bاحمد محمد الالمعى |
| 250 | _aط.1 | ||
| 260 |
_aالقاهرة : _bمكتبة الانجلو المصرية ، _c2018 . |
||
| 300 |
_a397 ص. : _bايض ؛ _c24 سم. |
||
| 490 | 0 | _aالموسوعة العربية للصحة النفسية للطفل | |
| 650 | 0 | 7 |
_2qrmak _aفرط الحركة |
| 650 | 0 | 7 |
_aعدم التركيز _2qrmak |
| 650 | 0 | 7 |
_aالانتباه _2qrmak |
| 650 | 0 | 7 |
_aاضطراب ضعف الانتباه _2qrmak |
| 651 | _2qrmak | ||
| 942 |
_2ddc _cBK |
||